Il pene : /alla scoperta della sessualità maschile!.

Đã lưu trong:
Chi tiết về thư mục
Định dạng: Sách
Ngôn ngữ:Tiếng Italy
Được phát hành: /S. l.! : Edigamma, /2002?!
Các nhãn: Thêm thẻ
Không có thẻ, Là người đầu tiên thẻ bản ghi này!

MARC

LEADER 00000nam a22000007i 4500
001 IT\ICCU\BVE\0311726
003 ItRI
005 20241223154357.0
008 030729s2002 it |||||| ||||| |||||c
040 |b ita  |c ARCIGAY RIMINI 
041 7 |a ita  |2 ISO-639-2 
245 0 3 |a Il pene :  |b /alla scoperta della sessualità maschile!. 
260 |a /S. l.! :  |b Edigamma,  |c /2002?! 
300 |a 127 p. :  |b ill. ;  |c 23 cm 
500 |a In copertina : il mio libro 
942 |2 ddc  |c BK 
952 |0 0  |1 0  |2 ddc  |4 0  |6 611_000000000000000_PEN  |7 1  |9 2276  |a RN  |b RN  |d 2024-12-23  |l 0  |o 611 PEN  |p 9729  |r 2024-12-23 14:33:45  |w 2024-12-23  |y BK 
981 1 |6 z01  |a i   |b xxxe  
982 1 |6 z01  |a n 
999 |c 1992  |d 1992